| 000 | 00462nam a2200181Ia 4500 | ||
|---|---|---|---|
| 003 | GCL | ||
| 008 | 140319s9999 xx 000 0 eng d | ||
| 040 |
_aGCL / _cGCL |
||
| 082 | 0 | 4 |
_a181 _bN H |
| 100 | 1 | _aLEAMAN, OLIVER | |
| 245 | 1 | 0 |
_aHISTORY OF ISLAMIC PHILOSOPHY / _cLEAMAN, OLIVER |
| 700 | 1 | _aNASR, SEYYED HOSSEIN | |
| 260 |
_a[S.N] : _bROUTLEDGE ، _c1996 |
||
| 650 | 0 | 4 | _aنجد |
| 650 | 0 | 4 | _aISLAMIC PHILOSOPHY |
| 650 | 0 | 4 | _aHISTORY |
| 942 |
_2ddc _cBK |
||
| 999 |
_c13211 _d13211 |
||